000 00517cam a2200205ua 4500
001 7359
005 20260515114212.0
008 141208n ii |||gr||||Z||||||ben
040 _cMAIN
041 _aben
082 _a891.444
100 _aMukhupadhyay, A. Kr.,
_eAuthor.
245 1 _aRabindra Manikha
_cBy Arun Kr. Mukhupadhyay
250 _a1st.
260 _aKolkatta:
_bClassic,
_c1961.
300 _a168p.
653 _aEast Indo-European & Celtic literatures
653 _aBengali literature
942 _cBK
999 _c6479
_d6479